León el africano. Un viajero entre dos mundos

Gespeichert in:
Bibliographische Detailangaben
1. Verfasser: Davis, Natalie Zemon (autora)
Weitere Verfasser: Guia, Aitana (traductora)
Format: Buch
Sprache:Englisch
Spanisch
Veröffentlicht: Valencia, España Universitat de Valencia 2008
Schlagworte:
Tags: Tag hinzufügen
Keine Tags, Fügen Sie den ersten Tag hinzu!

MARC

LEADER 00000nam a22000007a 4500
003 CL-VaPUC
005 20210730145031.0
008 210608b ||||| |||| 00| 0 eng d
999 |c 433054  |d 433052 
020 |a 9788437071534 
040 |c Pontificia Universidad Católica de Valparaíso 
041 0 |a spa 
082 0 4 |2 21  |a 923.9 DAV 2008 
100 1 |a Davis, Natalie Zemon  |e autora  |9 861305 
245 1 0 |a León el africano.  |b  Un viajero entre dos mundos 
260 3 |a Valencia, España  |b Universitat de Valencia  |c 2008 
300 |a 406 páginas 
500 |a Donación VRA N. Vásquez L. 
583 |c 20210608  |k Daniel Castañeda 
600 |a León el africano  |q Al-Hassan ibn Muhammed al-Wazzan al-Fasi  |x Exploradores  |y 1488-1554  |9 861306 
650 0 0 |9 445349  |a Geografía de África 
700 1 |a Guia, Aitana  |e traductora  |9 861307 
942 |2 ddc  |c BK 
952 |0 0  |1 0  |2 ddc  |4 0  |6 923_900000000000000_DAV_2008  |7 0  |8 A  |9 578064  |a BIBHIS  |b BIBHIS  |d 2021-06-08  |i 5622107  |o 923.9 DAV 2008  |p 5622107  |r 2025-01-20  |t 1  |w 2021-06-08  |y BK  |k HIS